00426nam a2200145Ia 4500008004100000020001800041041000800059082001600067100003700083245010000120250000600220260003200226300000800258650001400266210716s2011 xx 000 0 und d a9780749461041 aeng a658.87 SETA aSeth, Andrew; Randall, Geoffrey. aGrocers: the rise and rise of the supermarket chains.bRise and rise of the supermarket chains. a3 aNew DelhibKogan Pagec2011 a208 aRetailing